Величайшие полководцы в истории России - Statistics

General Stats
  • This quiz has been taken 63 times
  • The average score is 18 of 40
Answer Stats
Picture Answer % Correct
Пётр I
98%
Георгий Жуков
93%
Александр Невский
89%
Александр Суворов
87%
Михаил Кутузов
82%
Пётр Багратион
76%
Константин Рокоссовский
73%
Дмитрий Донской
71%
Семён Будённый
71%
Михаил Барклай де Толли
62%
Михаил Тухачевский
62%
Иван Конев
60%
Павел Нахимов
58%
Александр Меншиков
56%
Александр Колчак
56%
Антон Деникин
53%
Владимир Мономах
51%
Фёдор Ушаков
49%
Пётр Врангель
47%
Алексей Брусилов
44%
Лавр Корнилов
40%
Григорий Потёмкин
38%
Михаил Фрунзе
38%
Родион Малиновский
38%
Михаил Скопин-Шуйский
36%
Дмитрий Пожарский
33%
Александр Василевский
33%
Пётр Румянцев
31%
Семён Тимошенко
31%
Ермак Тимофеевич
22%
Алексей Ермолов
22%
Михаил Скобелев
20%
Николай Юденич
20%
Василий Чуйков
20%
Степан Макаров
18%
Николай Раевский
16%
Пётр Витгенштейн
11%
Иван Паскевич
11%
Кристоф Бурхард Миних
9%
Иван Дибич
4%
No matching quizzes found
Score Distribution
Percent of People with Each Score
Percentile by Number Answered
Your Score History
You have not taken this quiz